My mother/my self : the daughter's search for identity = Mi madre / mi mismo: la búsqueda de la hija de la identidad /
Guardado en:
| Autor principal: | |
|---|---|
| Formato: | Desconocido |
| Lenguaje: | English |
| Publicado: |
New York :
Delta Trade Paperbacks,
c1997.
|
| Materias: | |
| Etiquetas: |
Agregar Etiqueta
Sin Etiquetas, Sea el primero en etiquetar este registro!
|
MARC
| LEADER | 000000000a22000000004500 | ||
|---|---|---|---|
| 001 | 014976 | ||
| 020 | |a 0385320159 | ||
| 041 | 0 | |a eng | |
| 082 | 0 | 4 | |a 158.24 |b F898m |
| 100 | 1 | |a Friday, Nancy | |
| 245 | 1 | 0 | |a My mother/my self : |b the daughter's search for identity = Mi madre / mi mismo: la búsqueda de la hija de la identidad / |c Nancy Friday. |
| 246 | 3 | 1 | |a Mi madre / mi mismo: la búsqueda de la hija de la identidad |
| 260 | 1 | |a New York : |b Delta Trade Paperbacks, |c c1997. | |
| 300 | |a xviii, 425 páginas ; |c 21 cm. | ||
| 650 | 4 | |a MUJERES | |
| 650 | 4 | |a PSICOLOGIA | |
| 650 | 4 | |a MADRES E HIJAS | |
| 650 | 4 | |a MATERNIDAD | |
| 650 | 4 | |a SEXO | |
| 500 | |a Colección George Yúdice | ||
| 999 | |c 20839 |d 20839 | ||
| 942 | |c BK |h 158.24 F898m |2 z | ||



